00516nam a22001932 4500001001100000005001700011008004100028020001700069040001500086100003200101245005000133250001300183260004500196300001600241650003200257700002700289852000300316852000300319000002098420151021152602.0120106s xx 000 0 eng d a0582403878 : aKABUcKABU1 aGravelle, Hugh.@000018164410aMicroeconomics /cHugh Gravelle and Ray Rees. a3rd ed. aHarlow, England :bPrentice Hall,c2004. aix, 738 p. 0aMicroeconomics.@00001499441 aRees, Ray.@00001816451 1